Mehdi Hasan The Man and his Music (Record no. 233244)

000 -LEADER
fixed length control field nam a22 7a 4500
003 - CONTROL NUMBER IDENTIFIER
control field Nust
005 - DATE AND TIME OF LATEST TRANSACTION
control field 20170306102924.0
008 - FIXED-LENGTH DATA ELEMENTS--GENERAL INFORMATION
fixed length control field 170306b xxu||||| |||| 00| 0 eng d
020 ## - INTERNATIONAL STANDARD BOOK NUMBER
International Standard Book Number 978969502002
040 ## - CATALOGING SOURCE
Transcribing agency DLC
082 ## - DEWEY DECIMAL CLASSIFICATION NUMBER
Classification number 927.8092 NOO
245 ## - TITLE STATEMENT
Title Mehdi Hasan The Man and his Music
260 ## - PUBLICATION, DISTRIBUTION, ETC.
Place of publication, distribution, etc. Pakistan :
Name of publisher, distributor, etc. Liberty Books,
Date of publication, distribution, etc. 2010
300 ## - PHYSICAL DESCRIPTION
Extent 80p.
Dimensions 25cm
700 ## - ADDED ENTRY--PERSONAL NAME
Personal name Noorani, Asif
942 ## - ADDED ENTRY ELEMENTS (KOHA)
Source of classification or shelving scheme
Koha item type Book
Holdings
Withdrawn status Lost status Source of classification or shelving scheme Damaged status Not for loan Permanent Location Current Location Date acquired Total Checkouts Full call number Barcode Date last seen Price effective from Koha item type
          School of Civil and Environmental Engineering (SCEE) School of Civil and Environmental Engineering (SCEE) 03/06/2017   927.8092 NOO NIT-8070 03/06/2017 03/06/2017 Book
© 2023 Central Library, National University of Sciences and Technology. All Rights Reserved.